Nationalities of World Number One Golfers - Statistics

General Stats
  • This quiz has been taken 989 times
  • The average score is 8 of 10
Answer Stats
Hint Answer % Correct
4 USA
100%
3 England
95%
1 Northern Ireland
93%
1 Spain
91%
1 Australia
89%
2 Germany
85%
1 South Africa
83%
1 Wales
62%
1 Fiji
58%
1 Zimbabwe
38%
No matching quizzes found
Score Distribution
Percent of People with Each Score
Percentile by Number Answered
Your Score History
You have not taken this quiz